Cuentos policiales para chicos curiosos /

Guardado en:
Autor Principal: Tadich, María; adap.
Otros Autores: Melogno, Martín; il.
Formato: Libro
Publicado: Buenos Aires : Letra Impresa, 2008.
Series:La Puerta Secreta ; 3
Materias:
Etiquetas: Agregar Etiqueta
Sin Etiquetas, Sea el primero en etiquetar este registro!
LEADER 01214nam a22002655a 4500
001 CEM.cems019716
008 221012s2008####ag############000#0#####d
005 20240426150001.0
245 1 0 |a Cuentos policiales para chicos curiosos /  |c adaptado por María Tadich ; ilustrado por Martín Melogno. 
260 |a Buenos Aires :  |b Letra Impresa,  |c 2008. 
300 |a 104 p. 
490 0 |a La Puerta Secreta ;  |v 3 
505 0 |a La puerta secreta -- La llave maestra -- Cuentos policiales para chicos curiosos -- El caso de los tres estudiantes -- El oro de los Ogilvie -- La carta robada -- El medallón de oro -- El misterio del tren especial -- Los secretos de los Cuentos Policiales -- Nuevas puertas para abrir 
020 |a 9789872450090 
100 1 |a Tadich, María; adap. 
700 1 |a Melogno, Martín; il. 
082 0 4 |a 808.8 
653 |a Literatura infantil 
653 |a Literatura juvenil 
653 |a Literatura Universal 
653 |a Cuentos 
653 |a Cuentos policiales 
859 |a CEMS  |b BIB. CEMS - Inicial y Primaria  |h 808.8  |i T121  |k IP  |p 2428  |t Ej.1 
859 |a CEMS  |b BIB. CEMS - Inicial y Primaria  |h 808.8  |i T121  |k IP  |p 6357  |t Ej.2 
859 |a CEMS  |b BIB. CEMS - Inicial y Primaria  |h 808.8  |i T121  |k IP  |p 3803  |t Ej.3